Responses for Show #9083 - Wednesday, April 17, 2024

Alison Betts game 5.

Contestants

[<< previous game]

Jeff Plate, an attorney from Asbury Park, New Jersey

Vidya Ravella, a business development executive originally from Skokie, Illinois

Alison Betts, a writer and creative executive originally from San Jose, California (whose 4-day cash winnings total $107,700)

[next game >>]

Jeopardy! Round responses

HISTORY OF YOSEMITE
THE ORIGINAL LANGUAGE
PUTTING THE GORY IN A MOVIE CATEGORY
INVENTORS & INVENTIONS
CHANNEL ORANGE
ENDS WITH "B"
    $200 30
bears

Vidya
    $200 27
French

Alison
    $200 29
Scream

Vidya
    $200 23
(Alison: What is Whac-A-Mole?)

a Wiffle ball

AlisonJeff
    $200 26
a clownfish

Jeff
    $200 25
kebab

Vidya
    $400 28
(Alison: What is now's the time for [*]?)

Half Dome

Alison
    $400 11
(Alison: What is Greek?)

Latin

AlisonVidya
    $400 10
Pennywise

Vidya
    $400 22
(Alison: What is tractor?)
...
(Ken: He coined [*]-trailer.)

semi

Alison
Triple Stumper
    $400 16
the Netherlands

Alison
    $400 24
a blurb

Jeff
    $600 14
a roundhouse

Triple Stumper
    $600 3
Swedish

Alison
    $600 8
(Vidya: What is Friday the 13th?)

A Nightmare on Elm Street

VidyaJeff
    $600 20
cotton candy

Vidya
    $600 17
Forrest Gump

Alison
    $600 6
rehab

Alison
    $800 13
(Alison: What is Half Dome?)

El Capitan

Alison
Triple Stumper
    $800 1
German

Vidya
    $800 7
The Texas Chainsaw Massacre

Alison
    $800 15
a machine gun

Triple Stumper
    $800 18
Syracuse

Jeff
    $800 4
a jamb

Alison
    $1000 12
John Muir

Alison
    $1000 2
(Jeff: What is Greek?)
(Vidya: What is... Aramaic?)
...
(Ken: Analects of Confucius...)

Chinese

VidyaJeff
Triple Stumper
    $1000 9
Saw

Jeff
    $1,000 21
(Ken: The [*] room, yes, the inventor of the wireless.)

Marconi

Vidya
    $1000 19
Agent Orange

Alison
    $1000 5
(Alison: What is comb?)

a coxcomb

Alison
Triple Stumper

Scores at the first commercial break (after clue 15):

Alison Vidya Jeff
$1,600 $0 $600

Scores at the end of the Jeopardy! Round:

Alison Vidya Jeff
$3,600 $2,200 $2,200

Double Jeopardy! Round responses

OUR FLOUNDERING FATHERS
THINGS TO DO IN THE CITY
ANIMAL LIFE
"F" IS FOR FOOD
TV MUSIC
WORDS FROM MYTHOLOGY
    $400 14
Alexander Hamilton

Jeff
    $400 25
(Ken: Correct, with less than a minute to go.)

Cannes

Alison
    $400 27
raccoon

Vidya
    $400 29
French toast

Jeff
    $400 30
Tina Fey

Jeff
    $400 19
an odyssey

Alison
    $800 20
the vice presidency

Alison
    $800 24
Bangkok

Triple Stumper
    $800 26
the liver

Vidya
    $800 28
feta

Jeff
    $800 18
The Walking Dead

Vidya
    $800 5
hypnosis

Vidya
    $1200 21
Henry

Alison
    $1200 13
(Ken: Great museum in [*].)

Hiroshima

Triple Stumper
    $1200 11
a jaguar

Alison
    $1200 3
fusilli

Alison
    $1200 17
(Alison: Uh, what is How I Met Your Mother?)

Buffy the Vampire Slayer

AlisonJeff
    $1200 8
(Alison: What is hysteria?)
...
(Ken: From Pan, we get [*].)

panic

Alison
Triple Stumper
    $1600 22
the French and Indian War

Alison
    $4,800 4
St. Petersburg

Alison
    $1600 10
(Alison: What is the Bering?)

the Sargasso Sea

Alison
Triple Stumper
    $1600 1
[Vidya selected the first clue.]

fiddlehead

Vidya
    $1600 16
The Andy Griffith Show

Alison
    $6,000 6
(Vidya: What is... aurora?)

the aegis

Vidya
    $2000 23
(Jeff: Who is Ethan Allen?)

James Madison

Jeff
Triple Stumper
    $2000 12
(Vidya: What is Casablanca?)

Algiers

Vidya
Triple Stumper
    $2000 9
(Vidya: What is a hornbill?)

a hawksbill

Vidya
Triple Stumper
    $2000 2
feijoada

Vidya
    $2000 15
All That

Jeff
    $2000 7
(Ken: Great Scrabble word, what is [*]?)
[NOTE: [*] is not a proper Scrabble word due to its capitalization.]

Junoesque

Triple Stumper

Scores at the end of the Double Jeopardy! Round:

Alison Vidya Jeff
$12,800 -$1,400 $5,400
(lock game)

[wagering suggestions for these scores]

Final Jeopardy! Round responses

ORGANIZATIONS
(Ken: [To Alison] Yes, the White House received millions of dimes in a month for infantile paralysis.)
JeffWhat is Salvation Army?
$1,204
AlisonWhat is the March of Dimes? ♡ OJE
$1,000
the March of Dimes

Final scores:

Alison Vidya Jeff
$13,800 -$1,400 $4,196
5-day champion: $121,500 3rd place: $2,000 2nd place: $3,000

Game dynamics:

Coryat scores:

Alison Vidya Jeff
$9,600 $4,600 $5,400
19 R
(including 1 DD),
8 W
14 R
(including 1 DD),
5 W
(including 1 DD)
12 R,
2 W

Combined Coryat: $19,600

[game clues] [game scores] [suggest correction]

Game tape date: 2024-03-12
The J! Archive is created by fans, for fans. Scraping, republication, monetization, and malicious use prohibited; this site may use cookies and collect identifying information. See terms. The Jeopardy! game show and all elements thereof, including but not limited to copyright and trademark thereto, are the property of Jeopardy Productions, Inc. and are protected under law. This website is not affiliated with, sponsored by, or operated by Jeopardy Productions, Inc. Join the discussion at JBoard.tv.